| 000 | 01028nam0a22002651 4500 | ||
|---|---|---|---|
| 001 | rc\300954 | ||
| 005 | 20030307121555.1 | ||
| 035 | _a(NLR Aleph) 005536837 | ||
| 090 |
_a5668226 _c5668226 |
||
| 100 | _a20030307d1989 u |0rusy50 ca | ||
| 101 | 0 | _arus | |
| 102 | _aRU | ||
| 105 | _aa ||||||||| | ||
| 200 | 1 |
_aЭлектрофлотационные процессы и аппараты химической технологии _eУчеб. пособие _fА.Б. Голованчиков, Н.В. Тябин, Г.Л. Дахина _gВолгогр. политехн. ин-т |
|
| 210 |
_aВолгоград _cВПИ _d1989 |
||
| 215 |
_a95 с. _cил. _d20 |
||
| 320 | _aБиблиогр.: с. 90-93 (53 назв.) | ||
| 700 | 1 |
_aГолованчиков _bА. Б. _gАлександр Борисович |
|
| 701 | 1 |
_aТябин _bН. В. _gНиколай Васильевич |
|
| 701 | 1 |
_aДахина _bГ. Л. |
|
| 801 | 0 |
_aRU _bNLR _gpsbo |
|
| 801 | 1 |
_aRU _bELAR _2rusmarc |
|
| 852 |
_aNLR _j89-4/19779 |
||
| 942 | _cBOOK | ||
| 980 | _aNB | ||